书目信息 |
| 题名: |
我的写作生涯
|
|
| 作者: | 张恨水 著 | |
| 分册: | ||
| 出版信息: | 成都 四川人民出版社 1981 |
|
| 页数: | 138页 | |
| 开本: | 17cm | |
| 丛书名: | 写作生涯丛书 | |
| 单 册: | ||
| 中图分类: | I206.6 , I04 | |
| 科图分类: | ||
| 主题词: | 文学创作--中国--现代--文集 , 文学创作--写作学 , 文学创作--创作方法 | |
| 电子资源: | ||
| ISBN: | ||
| 000 | 00741oam2 2200277 450 | |
| 001 | 1550360535 | |
| 005 | 20150125135956.04 | |
| 010 | @dCNY0.38 | |
| 091 | @a10118.443 | |
| 100 | @a19950414d1981 em y0chiy0110 ea | |
| 101 | 0 | @achi |
| 102 | @aCN@b510000 | |
| 105 | @ay z 000yd | |
| 200 | 1 | @a我的写作生涯@9wo de xie zuo sheng ya@f张恨水著 |
| 210 | @a成都@c四川人民出版社@d1981 | |
| 215 | @a138页@d17cm | |
| 225 | 2 | @a写作生涯丛书 |
| 461 | 0 | @12001 @a写作生涯丛书 |
| 606 | 0 | @a文学创作@y中国@z现代@x文集 |
| 606 | 0 | @a文学创作@x写作学 |
| 606 | 0 | @a文学创作@x创作方法 |
| 690 | @aI206.6@v5 | |
| 690 | @aI04@v4 | |
| 701 | 0 | @a张恨水@9zhang hen shui@f(1895~1967)@4著 |
| 801 | 0 | @aCN@bTSSF@c20150125 |
| 905 | @aZUCC@dI04@eJY27 | |
| 我的写作生涯/张恨水著.-成都:四川人民出版社,1981 |
| 138页;17cm.-(写作生涯丛书) |
| ISBN :CNY0.38 |
| ● |
| 相关链接 |
|
|
|
|
正题名:我的写作生涯
索取号:I04/JY27
 
预约/预借
| 序号 | 登录号 | 条形码 | 馆藏地/架位号 | 状态 | 备注 |
| 1 | 7854978 | 278549787 | 学院路分馆/ [索取号:I04/JY27] | 在馆 | |
| 2 | 7854979 | 278549796 | 学院路分馆/ [索取号:I04/JY27] | 在馆 |